Wszyscy strzelcy bramek dla Polski w historii mistrzostw świata - Statystyki

Ogólne statystyki
  • Ten quiz został rozwiązany 7 651 razy
  • Średni wynik to 8 z 20
Statystyki odpowiedzi
Ilość bramek Rok strzelenia pierwszej
bramki na mundialu
Piłkarz % Poprawnych
2 2022 Robert Lewandowski
99%
10 1974 Grzegorz Lato
82%
6 1978 Zbigniew Boniek
80%
4 1974 Kazimierz Deyna
70%
1 2022 Piotr Zieliński
63%
1 2018 Grzegorz Krychowiak
58%
2 1982 Włodzimierz Smolarek
48%
1 2018 Jan Bednarek
46%
1 2002 Emmanuel Olisadebe
43%
7 1974 Andrzej Szarmach
38%
4 1938 Ernest Wilimowski
30%
1 2002 Marcin Żewłakow
24%
2 2006 Bartosz Bosacki
23%
1 1974 Jerzy Gorgoń
18%
1 2002 Paweł Kryszałowicz
17%
1 1982 Andrzej Buncol
10%
1 1982 Janusz Kupcewicz
8%
1 1982 Stefan Majewski
7%
1 1938 Fryderyk Scherfke
6%
1 1982 Włodzimierz Ciołek
5%
Nie znaleziono quizów pasujących do podanych kryteriów
Rozkład punktacji
Procent ludzi z każdym wynikiem
Percentyl według liczby udzielonych odpowiedzi
Twoja historia wyników
Nie rozwiązałeś tego quizu